00546nam a2200169 a 4500008004100000020001800041050001400059100003000073245009000103250001200193260004700205300002600252350000900278650003700287650002500324700002700349100722s2010 ||||||||||||||||| || u a9780321640819 aQR 63 Joh aCase, Christine L., 1948-10aLaboratory experiments in microbiology. -- 9th ed.cTed R. Johnson, Christine L. Case a9th ed. aSan Fransisco, CAbBenjamin Cummingsc2010 axv, 470p. [8p.]: ill. a0.00 aMICROBIOLOGY--LABORATORY MANUALS aMEDICAL MICROBIOLOGY aJohnson, Ted R., 1946-